00326nam a2200145Ia 4500003000500000008004100005020001800046040001900064082000700083100001700090245001900107260003400126300000800160546001200168STCL181203s9999 xx 000 0 und d a9780571268832 aSTCLbENcSTCL 222 aPamuk, Orhan 0aMy Name is Red bFaber and FaberaLondonc2001 a671 aEnglish